[Event "NATO-ch 33rd"]
[Site "Portoroz"]
[Date "2023.09.08"]
[Round "7"]
[White "Woolf, Ben"]
[Black "Kruit, Erik"]
[Result "0-1"]
[WhiteElo "1571"]
[BlackElo "1851"]
[PlyCount "110"]
[EventDate "2023.09.04"]
[EventType "swiss"]
[EventRounds "7"]
[EventCountry "SLO"]
[SourceTitle "EXT 2024"]
[Source "ChessBase"]
[SourceDate "2023.10.10"]
[SourceVersion "1"]
[SourceVersionDate "2023.10.10"]
[SourceQuality "1"]

1. e4 c5 2. b3 Nc6 3. Bb2 e6 4. Bb5 Nd4 5. Bd3 d5 6. Nf3 dxe4 7. Bxe4 Nf6 8. Bd3 Be7 9. Nxd4 cxd4 10. Bb5+ Bd7 11. Bxd7+ Qxd7 12. 0-0 0-0 13. d3 b5 14. a4 a6 15. Nd2 Rac8 16. axb5 axb5 17. Nf3 Bc5 18. Qe2 Rfd8 19. Ra6 Qb7 20. Rfa1 Rd5 21. Ne5 Ne8 22. f4 f6 23. Nf3 Nc7 24. R6a2 Re8 25. Nd2 Qc6 26. Qf2 b4 27. Nc4 Nb5 28. Re1 e5 29. fxe5 fxe5 30. Re4 Nc3 31. Bxc3 dxc3 32. Ne3 Rd7 33. Qg3 Qb6 34. Kh1 Rf7 35. h3 Bd4 36. Ra1 Ref8 37. Re1 Rf2 38. Rg4 Qa7 39. Kh2 Rd2 40. h4 Rff2 41. h5 h6 42. Rg6 Qb7 43. Qg4 Kh8 44. Nf5 Rxc2 45. Rxg7 Rxg2+ 46. Qxg2 Rxg2+ 47. Rxg2 Qf3 48. Nxd4 Qxh5+ 49. Kg1 exd4 50. Ree2 Qf7 51. Ref2 Qxb3 52. Rf8+ Kh7 53. Rgf2 Qd1+ 54. Rf1 Qxf1+ 55. Kxf1 c2 0-1

[Event "NATO-ch 33rd"]
[Site "Portoroz"]
[Date "2023.09.05"]
[Round "3"]
[White "Kruit, Erik"]
[Black "Rizihs, Valerijs"]
[Result "1-0"]
[WhiteElo "1851"]
[BlackElo "1570"]
[PlyCount "61"]
[EventDate "2023.09.04"]
[EventType "swiss"]
[EventRounds "7"]
[EventCountry "SLO"]
[SourceTitle "EXT 2024"]
[Source "ChessBase"]
[SourceDate "2023.10.10"]
[SourceVersion "1"]
[SourceVersionDate "2023.10.10"]
[SourceQuality "1"]

1. e4 c5 2. Nf3 Nc6 3. d4 cxd4 4. c3 dxc3 5. Nxc3 d6 6. Bc4 e6 7. 0-0 a6 8. a4 b6 9. Qe2 Bb7 10. Rd1 Nge7 11. Bf4 Nc8 12. Rac1 Be7 13. Ba2 0-0 14. e5 d5 15. Bb1 g6 16. Bh6 Re8 17. Ne4 f6 18. exf6 Bxf6 19. Nxf6+ Qxf6 20. Rxd5 Qf7 21. Re1 Nd8 22. Ng5 Qe7 23. Re5 Nd6 24. Ba2 Kh8 25. Rxe6 Nxe6 26. Nxe6 Nf7 27. Qd2 Kg8 28. Qc3 Nxh6 29. Ng5+ Kf8 30. Qh8+ Ng8 31. Qxg8# 1-0

[Event "NATO-ch 30th"]
[Site "Berlin"]
[Date "2019.09.18"]
[Round "4.38"]
[White "Voroblievas, Arturas"]
[Black "Kruit, Erik"]
[Result "1-0"]
[WhiteElo "1762"]
[BlackElo "1941"]
[PlyCount "47"]
[EventDate "2019.09.14"]
[EventType "team-swiss"]
[EventRounds "7"]
[EventCountry "GER"]
[SourceTitle "EXT 2020"]
[Source "ChessBase"]
[SourceDate "2019.10.17"]
[SourceVersion "1"]
[SourceVersionDate "2019.10.17"]
[SourceQuality "1"]
[WhiteTeam "Lithuania"]
[BlackTeam "Netherlands"]
[WhiteTeamCountry "LTU"]
[BlackTeamCountry "NED"]

1. e4 c5 2. Nf3 d6 3. d4 cxd4 4. Nxd4 g6 5. Nc3 Bg7 6. Be3 Nf6 7. Bc4 0-0 8. f3 Nc6 9. Qd2 Ne5 10. Bb3 a6 11. 0-0-0 b5 12. g4 Bd7 13. h4 h5 14. Nd5 Nfxg4 15. fxg4 Nxg4 16. Bg5 Re8 17. Rhf1 Ne5 18. Kb1 Bg4 19. Rde1 Nc4 20. Bxc4 bxc4 21. Nc6 Qd7 22. Ncxe7+ Kh7 23. Rxf7 Qb5 24. Bf6 1-0

[Event "NATO-ch 28th"]
[Site "Budapest"]
[Date "2017.03.27"]
[Round "1"]
[White "Kruit, Erik"]
[Black "Drabke, Lorenz Maximilian"]
[Result "0-1"]
[WhiteElo "1965"]
[BlackElo "2466"]
[PlyCount "90"]
[EventDate "2017.03.27"]
[EventType "swiss"]
[EventRounds "7"]
[EventCountry "HUN"]
[SourceTitle "CBM 177 Extra"]
[Source "ChessBase"]
[SourceDate "2017.04.27"]
[SourceVersion "1"]
[SourceVersionDate "2017.04.27"]
[SourceQuality "1"]

1. e4 c5 2. Nf3 e6 3. c3 Nf6 4. Bd3 Nc6 5. Bc2 Qc7 6. Qe2 d5 7. e5 Nd7 8. d4 cxd4 9. cxd4 Nb4 10. Nc3 Nxc2+ 11. Qxc2 Nb6 12. 0-0 Bd7 13. Bf4 Na4 14. Rfc1 Nxc3 15. bxc3 Rc8 16. Qb3 b5 17. Ne1 Qc4 18. Qxc4 Rxc4 19. a3 Ra4 20. Nc2 Be7 21. Rcb1 0-0 22. Rb3 Rc8 23. Bd2 f6 24. f4 a5 25. Rab1 Be8 26. R1b2 fxe5 27. fxe5 Rac4 28. Ra2 h6 29. Ne3 R4c7 30. Be1 a4 31. Rbb2 Rxc3 32. Bxc3 Rxc3 33. Nc2 Bg5 34. Kf2 Bg6 35. Ke2 Bd3+ 36. Ke1 Bc4 37. Ra1 Bb3 38. Nb4 Rc1+ 39. Rxc1 Bxc1 40. Rf2 Bxa3 41. Nd3 Bc4 42. Nc5 Bb4+ 43. Kd1 a3 44. Nxe6 a2 45. Rf8+ Bxf8 0-1

[Event "NATO-ch 27th"]
[Site "Shrivenham"]
[Date "2016.08.23"]
[Round "2"]
[White "Kruit, Erik"]
[Black "Vael, Steve"]
[Result "1-0"]
[WhiteElo "1984"]
[BlackElo "1757"]
[PlyCount "121"]
[EventDate "2016.08.22"]
[EventType "swiss"]
[EventRounds "7"]
[EventCountry "ENG"]
[SourceTitle "EXT 2018"]
[Source "ChessBase"]
[SourceDate "2017.10.13"]
[SourceVersion "1"]
[SourceVersionDate "2017.10.13"]
[SourceQuality "1"]

1. e4 d5 2. exd5 Qxd5 3. Nc3 Qa5 4. b4 Qxb4 5. a4 c6 6. Nf3 Qa5 7. Ba3 Nd7 8. Rb1 e6 9. Bxf8 Nxf8 10. Bc4 Nd7 11. Qe2 Ngf6 12. 0-0 0-0 13. h4 Rb8 14. Rfe1 Nb6 15. Bb3 Nbd5 16. Ne4 Nxe4 17. Qxe4 a6 18. Ng5 Nf6 19. Qf4 Bd7 20. Re5 Qc7 21. Rbe1 h6 22. R1e3 Nd5 23. Bxd5 hxg5 24. hxg5 exd5 25. Qh4 Rbe8 26. d4 Rxe5 27. dxe5 Re8 28. g4 g6 29. Kg2 Be6 30. f4 Kf8 31. Qh8+ Ke7 32. Qf6+ Kd7 33. f5 Kc8 34. fxe6 Rxe6 35. Qg7 Qe7 36. Rf3 Rxe5 37. Qg8+ Qe8 38. Qxe8+ Rxe8 39. Rxf7 Re6 40. Kf3 c5 41. Rf6 Kd7 42. Rf7+ Kc6 43. Rf6 Rd6 44. Kf4 Kc7 45. Ke5 Rd7 46. Rxg6 d4 47. Rh6 c4 48. g6 d3 49. cxd3 cxd3 50. Rh1 d2 51. Rd1 b5 52. axb5 axb5 53. Kf6 Rd6+ 54. Kf7 Rd7+ 55. Kg8 Rd8+ 56. Kh7 b4 57. g7 Rd7 58. Kh8 Rxg7 59. Kxg7 b3 60. Rxd2 b2 61. Rxb2 1-0

[Event "NATO-ch 26th"]
[Site "Amsterdam"]
[Date "2015.07.10"]
[Round "7.22"]
[White "Kruit, Erik"]
[Black "Nielsen, Jan Mose"]
[Result "1-0"]
[WhiteElo "2009"]
[BlackElo "2074"]
[PlyCount "81"]
[EventDate "2015.07.06"]
[EventType "swiss"]
[EventRounds "7"]
[EventCountry "NED"]
[SourceTitle "EXT 2016"]
[Source "ChessBase"]
[SourceDate "2015.10.08"]
[SourceVersion "1"]
[SourceVersionDate "2015.10.08"]
[SourceQuality "1"]
[WhiteTeam "Netherlands"]
[BlackTeam "Denmark"]
[WhiteTeamCountry "NED"]
[BlackTeamCountry "DEN"]

1. e4 c5 2. Nf3 e6 3. b4 cxb4 4. d4 Nf6 5. Bd3 Be7 6. a3 d5 7. e5 Ne4 8. Bb2 bxa3 9. Bxa3 Nc6 10. 0-0 b6 11. Re1 Bb7 12. Bxe4 dxe4 13. Rxe4 Na5 14. Rg4 g6 15. Bxe7 Qxe7 16. Na3 a6 17. c4 Rd8 18. Nd2 h5 19. Rf4 g5 20. Re4 f5 21. exf6 Qxf6 22. d5 0-0 23. Rxe6 Qxf2+ 24. Kh1 g4 25. Ne4 Qf5 26. Qe2 Rxd5 27. cxd5 Bxd5 28. Rxb6 Bxe4 29. Re1 Bd5 30. Rxa6 Nb3 31. Nc2 Nc5 32. Ne3 Qe4 33. Raa1 Nb3 34. Rad1 Bf7 35. Qc2 Qa8 36. Nf5 Rd8 37. Nh6+ Kf8 38. Rxd8+ Qxd8 39. Nxf7 Qa5 40. Rf1 Qb5 41. Qf5 1-0

[Event "NATO-ch 26th"]
[Site "Amsterdam"]
[Date "2015.07.08"]
[Round "4.28"]
[White "Kruit, Erik"]
[Black "Echavarria Hidalgo, Fernando"]
[Result "1-0"]
[WhiteElo "2009"]
[BlackElo "1813"]
[PlyCount "95"]
[EventDate "2015.07.06"]
[EventType "swiss"]
[EventRounds "7"]
[EventCountry "NED"]
[SourceTitle "EXT 2016"]
[Source "ChessBase"]
[SourceDate "2015.10.08"]
[SourceVersion "1"]
[SourceVersionDate "2015.10.08"]
[SourceQuality "1"]
[WhiteTeam "Netherlands"]
[BlackTeam "Canada"]
[WhiteTeamCountry "NED"]
[BlackTeamCountry "CAN"]

1. e4 d5 2. exd5 Qxd5 3. Nc3 Qd8 4. Bc4 Nf6 5. d4 a6 6. a3 b5 7. Qf3 Ra7 8. Bb3 Bb7 9. d5 e6 10. Be3 c5 11. dxc6 Bxc6 12. Qh3 Rd7 13. Nf3 Qc7 14. Nd4 Bd5 15. Nxd5 exd5 16. 0-0 Be7 17. Nf5 Kf8 18. Rad1 Nc6 19. Rd3 Ne5 20. Bf4 Ne4 21. Rxd5 Rxd5 22. Bxd5 Ng5 23. Qg3 f6 24. h4 h6 25. hxg5 hxg5 26. Bxe5 fxe5 27. Nxe7 Qxe7 28. Qf3+ Qf6 29. Re1 Ke7 30. Qc3 Qd6 31. Qxe5+ Qxe5 32. Rxe5+ Kd6 33. Rxg5 Rc8 34. Be4 Rc7 35. f3 a5 36. Rxb5 Ra7 37. Kf2 Ke6 38. Ke3 Kd6 39. Kd4 Ke6 40. Rb6+ Ke7 41. Rb7+ Rxb7 42. Bxb7 Kd6 43. c4 g5 44. c5+ Kc7 45. Be4 Kd7 46. Kd5 Kc7 47. Bf5 Kd8 48. Kd6 1-0

[Event "NATO-ch 26th"]
[Site "Amsterdam"]
[Date "2015.07.07"]
[Round "3.20"]
[White "Picart, Laurent"]
[Black "Kruit, Erik"]
[Result "1-0"]
[WhiteElo "2142"]
[BlackElo "2009"]
[PlyCount "51"]
[EventDate "2015.07.06"]
[EventType "swiss"]
[EventRounds "7"]
[EventCountry "NED"]
[SourceTitle "EXT 2016"]
[Source "ChessBase"]
[SourceDate "2015.10.08"]
[SourceVersion "1"]
[SourceVersionDate "2015.10.08"]
[SourceQuality "1"]
[WhiteTeam "France"]
[BlackTeam "Netherlands"]
[WhiteTeamCountry "FRA"]
[BlackTeamCountry "NED"]

1. d4 Nf6 2. Nf3 g6 3. g3 Bg7 4. Bg2 0-0 5. 0-0 d6 6. a4 a5 7. Re1 Nbd7 8. e4 e5 9. c3 c6 10. Nbd2 Qc7 11. Qc2 b5 12. b3 Nb6 13. Ba3 Re8 14. Rad1 Ba6 15. Bxd6 Qxd6 16. dxe5 Qc5 17. exf6 Bxf6 18. e5 Bxe5 19. Nxe5 Rxe5 20. Rxe5 Qxe5 21. Bxc6 Rc8 22. axb5 Bxb5 23. Bxb5 Qxb5 24. Ne4 Qe5 25. Rd6 Nd5 26. Rxd5 1-0

[Event "NATO-ch 25th"]
[Site "Quebec"]
[Date "2014.09.12"]
[Round "7"]
[White "Kruit, Erik"]
[Black "Patron, Pascal"]
[Result "0-1"]
[WhiteElo "2024"]
[BlackElo "1935"]
[PlyCount "53"]
[EventDate "2014.09.08"]
[EventType "team-swiss"]
[EventRounds "7"]
[EventCountry "CAN"]
[SourceTitle "EXT 2015"]
[Source "ChessBase"]
[SourceDate "2014.11.20"]
[SourceVersion "1"]
[SourceVersionDate "2014.11.20"]
[SourceQuality "1"]
[WhiteTeam "Netherlands"]
[BlackTeam "France"]
[WhiteTeamCountry "NED"]
[BlackTeamCountry "FRA"]

1. e4 c5 2. Nf3 Nc6 3. d4 cxd4 4. c3 dxc3 5. Nxc3 e6 6. Bf4 a6 7. Bd3 d6 8. 0-0 Nge7 9. Rc1 Ng6 10. Be3 Be7 11. Qe2 0-0 12. Rfd1 Nge5 13. Bb1 Nxf3+ 14. gxf3 Qa5 15. f4 Rd8 16. Qf3 Bf6 17. Qh3 g6 18. f5 Bxc3 19. Rxc3 exf5 20. Rd5 fxe4 21. Rxa5 Bxh3 22. Bb6 Nxa5 23. Rxh3 Rdc8 24. Bxe4 Rc1+ 25. Kg2 Nc6 26. Rd3 Re8 27. f3 0-1

[Event "NATO-ch 24th"]
[Site "Rynia"]
[Date "2013.08.16"]
[Round "7"]
[White "Kruit, Erik"]
[Black "Pazeriene, Diana"]
[Result "1/2-1/2"]
[WhiteElo "2011"]
[BlackElo "2025"]
[PlyCount "41"]
[EventDate "2013.08.12"]
[EventType "swiss"]
[EventRounds "7"]
[EventCountry "POL"]
[SourceTitle "CBM 156 Extra"]
[Source "ChessBase"]
[SourceDate "2013.10.22"]
[SourceVersion "1"]
[SourceVersionDate "2013.10.22"]
[SourceQuality "1"]

1. Nf3 Nf6 2. g3 d5 3. Bg2 c5 4. 0-0 Nc6 5. d3 e5 6. e4 Be7 7. Nc3 0-0 8. exd5 Nxd5 9. Nxd5 Qxd5 10. Ng5 Qd8 11. Ne4 Be6 12. Be3 Qb6 13. a3 Nd4 14. b4 cxb4 15. axb4 f5 16. Nc5 Bxc5 17. bxc5 Qxc5 18. Bxb7 Rab8 19. Bg2 f4 20. Bxd4 Qxd4 21. c3 1/2-1/2

[Event "NATO-ch 24th"]
[Site "Rynia"]
[Date "2013.08.14"]
[Round "4"]
[White "Hater, David"]
[Black "Kruit, Erik"]
[Result "1/2-1/2"]
[WhiteElo "2147"]
[BlackElo "2011"]
[PlyCount "31"]
[EventDate "2013.08.12"]
[EventType "swiss"]
[EventRounds "7"]
[EventCountry "POL"]
[SourceTitle "CBM 156 Extra"]
[Source "ChessBase"]
[SourceDate "2013.10.22"]
[SourceVersion "1"]
[SourceVersionDate "2013.10.22"]
[SourceQuality "1"]

1. e4 c5 2. Nf3 Nc6 3. Bb5 Nd4 4. Nxd4 cxd4 5. c3 Qb6 6. Qe2 e5 7. 0-0 Nf6 8. a4 a5 9. Na3 Bc5 10. Nc4 Qc7 11. d3 h6 12. Bd2 0-0 13. Rac1 d6 14. cxd4 exd4 15. Qe1 b6 16. h3 1/2-1/2

[Event "NATO-ch 24th"]
[Site "Rynia"]
[Date "2013.08.14"]
[Round "5"]
[White "Kruit, Erik"]
[Black "Oltean, Gusztav"]
[Result "1-0"]
[WhiteElo "2011"]
[BlackElo "2084"]
[PlyCount "81"]
[EventDate "2013.08.12"]
[EventType "swiss"]
[EventRounds "7"]
[EventCountry "POL"]
[SourceTitle "CBM 156 Extra"]
[Source "ChessBase"]
[SourceDate "2013.10.22"]
[SourceVersion "1"]
[SourceVersionDate "2013.10.22"]
[SourceQuality "1"]

1. e4 c5 2. Nf3 e6 3. d4 cxd4 4. c3 d3 5. c4 Nc6 6. Bxd3 Nf6 7. 0-0 d6 8. Nc3 Be7 9. Qe2 0-0 10. Rd1 Qc7 11. Bf4 e5 12. Nd5 Nxd5 13. exd5 exf4 14. dxc6 bxc6 15. Qe4 g6 16. Qxf4 c5 17. Qh6 f5 18. Bf1 Bf6 19. Rd2 Rb8 20. Rad1 Rxb2 21. Rxd6 Bd4 22. Ng5 Bxf2+ 23. Kh1 Qg7 24. Qh3 f4 25. Rd7 Kh8 26. Rxg7 Bxh3 27. Rxh7+ Kg8 28. Rxh3 Rxa2 29. Rb3 Re8 30. Rb7 a5 31. Ra7 a4 32. Ne4 Bd4 33. Nd6 Rf8 34. Nb5 f3 35. Nxd4 fxg2+ 36. Bxg2 cxd4 37. c5 Rc2 38. c6 d3 39. Rxa4 d2 40. Rd4 Rf2 41. Be4 1-0

[Event "NATO-ch 23nd"]
[Site "Brest"]
[Date "2012.10.04"]
[Round "5"]
[White "Karbowiak, Adam"]
[Black "Kruit, Erik"]
[Result "1-0"]
[WhiteElo "2154"]
[BlackElo "1994"]
[PlyCount "65"]
[EventDate "2012.10.01"]
[EventType "swiss"]
[EventRounds "7"]
[EventCountry "FRA"]
[SourceTitle "CBM 150 Extra"]
[Source "ChessBase"]
[SourceDate "2012.10.19"]
[SourceVersion "1"]
[SourceVersionDate "2012.10.19"]
[SourceQuality "1"]

1. Nf3 b6 2. e4 d6 3. d4 Bb7 4. Bd3 Nd7 5. 0-0 g6 6. e5 e6 7. exd6 cxd6 8. Nc3 Ngf6 9. Re1 a6 10. Qe2 Bg7 11. Bg5 0-0 12. Ne4 Qc7 13. c3 Nxe4 14. Bxe4 Bxe4 15. Qxe4 Nf6 16. Qh4 Nd5 17. Bh6 Qe7 18. Ng5 Qf6 19. Bxg7 Qxg7 20. Ne4 Rfd8 21. c4 Nb4 22. Rad1 d5 23. cxd5 Nxd5 24. g4 h6 25. g5 h5 26. Rd3 Ne7 27. Nf6+ Kf8 28. Qe4 Nd5 29. Rf3 Ra7 30. Qd3 Nxf6 31. Rxf6 Kg8 32. Rexe6 Rxd4 33. Re8+ 1-0

[Event "NATO-ch 23nd"]
[Site "Brest"]
[Date "2012.10.04"]
[Round "6"]
[White "Kruit, Erik"]
[Black "Balmaceda, Enrico"]
[Result "0-1"]
[WhiteElo "1994"]
[BlackElo "2080"]
[PlyCount "128"]
[EventDate "2012.10.01"]
[EventType "swiss"]
[EventRounds "7"]
[EventCountry "FRA"]
[SourceTitle "CBM 150 Extra"]
[Source "ChessBase"]
[SourceDate "2012.10.19"]
[SourceVersion "1"]
[SourceVersionDate "2012.10.19"]
[SourceQuality "1"]

1. e4 Nf6 2. Nc3 d5 3. exd5 Nxd5 4. d4 c6 5. Nf3 Bg4 6. Be2 e6 7. Ne4 Be7 8. 0-0 0-0 9. Ne5 Bxe2 10. Qxe2 Nd7 11. Rd1 h6 12. c4 N5f6 13. Nc3 Re8 14. Bf4 Qc8 15. Rd3 Nxe5 16. dxe5 Nh7 17. Ne4 c5 18. Rg3 Kh8 19. Qh5 Rg8 20. Rh3 Qf8 21. Rd1 Rd8 22. Rhd3 Rxd3 23. Rxd3 f5 24. Nd6 Bxd6 25. Rxd6 Qe7 26. Qd1 Nf8 27. Be3 b6 28. f4 g6 29. b4 cxb4 30. Qd2 Rg7 31. Qxb4 g5 32. c5 gxf4 33. Qxf4 bxc5 34. Bxc5 Qb7 35. Qxh6+ Kg8 36. Rd2 Qb1+ 37. Kf2 Qe4 38. g3 f4 39. Qxf4 Rf7 40. Qxf7+ Kxf7 41. Bxa7 Qxe5 42. Be3 Ng6 43. Rd7+ Ke8 44. Rd2 Qf5+ 45. Ke2 Ne5 46. Bf4 Qe4+ 47. Kd1 Nc4 48. Re2 Qb1+ 49. Bc1 Qd3+ 50. Ke1 e5 51. Kf2 e4 52. Be3 Ne5 53. h3 Nf3 54. Bf4 Nd4 55. Re3 Qc2+ 56. Kf1 Qc4+ 57. Kg2 Kf7 58. a3 Ne2 59. Kf2 Nxf4 60. gxf4 Ke6 61. Kg3 Kf5 62. a4 Qd4 63. Rb3 Qg1+ 64. Kh4 Qe1+ 0-1

[Event "NATO-ch 22nd"]
[Site "Kaunas"]
[Date "2011.08.11"]
[Round "5"]
[White "Kruit, Erik"]
[Black "Krainski, Slawomir"]
[Result "1-0"]
[WhiteElo "1914"]
[BlackElo "2099"]
[PlyCount "81"]
[EventDate "2011.08.08"]
[EventType "swiss"]
[EventRounds "7"]
[EventCountry "LTU"]
[SourceTitle "CBM 143 Extra"]
[Source "ChessBase"]
[SourceDate "2011.08.29"]
[SourceVersion "1"]
[SourceVersionDate "2011.08.29"]
[SourceQuality "1"]

1. e4 d5 2. exd5 Nf6 3. d4 Bg4 4. Be2 Bxe2 5. Qxe2 Qxd5 6. Nf3 Nc6 7. c4 Qf5 8. a3 g5 9. d5 Na5 10. Nbd2 b6 11. Nd4 Qg4 12. N2f3 h6 13. Bd2 Bg7 14. h3 Qe4 15. Rc1 0-0 16. Bxa5 bxa5 17. Rc2 Qf4 18. 0-0 Nh5 19. Rd1 Qf6 20. g3 Rab8 21. Rdd2 Rfe8 22. Qd3 a4 23. b4 axb3 24. Nxb3 e5 25. dxe6 Qxe6 26. Kg2 g4 27. Nfd4 gxh3+ 28. Kh2 Qg4 29. Ne2 Be5 30. c5 Nf6 31. Nbd4 Rbd8 32. Rc4 Qh5 33. f3 Qg5 34. Kxh3 Nh5 35. f4 Qf6 36. fxe5 Qf1+ 37. Kh2 Qf2+ 38. Kh3 Rxe5 39. Qf3 Qe1 40. Rcc2 Rxd4 41. Rxd4 1-0

[Event "NATO-ch 22nd"]
[Site "Kaunas"]
[Date "2011.08.09"]
[Round "3"]
[White "Kruit, Erik"]
[Black "Franck, Boris"]
[Result "1/2-1/2"]
[WhiteElo "1914"]
[BlackElo "2090"]
[PlyCount "99"]
[EventDate "2011.08.08"]
[EventType "swiss"]
[EventRounds "7"]
[EventCountry "LTU"]
[SourceTitle "CBM 143 Extra"]
[Source "ChessBase"]
[SourceDate "2011.08.29"]
[SourceVersion "1"]
[SourceVersionDate "2011.08.29"]
[SourceQuality "1"]

1. e4 g6 2. Nf3 Bg7 3. d4 c6 4. Bd3 d5 5. 0-0 dxe4 6. Bxe4 Nf6 7. Nc3 Nxe4 8. Nxe4 Bg4 9. c3 Qd5 10. Re1 0-0 11. h3 Bxf3 12. Qxf3 Nd7 13. Bg5 Rfe8 14. b3 Qa5 15. Re2 h6 16. Bh4 g5 17. Bg3 f5 18. Nd2 f4 19. Bh2 Nb6 20. g3 e5 21. b4 Qa3 22. dxe5 Bxe5 23. Rae1 Qxa2 24. gxf4 Rad8 25. Nf1 Qd5 26. Qxd5+ Nxd5 27. Rxe5 Rxe5 28. fxe5 Nxc3 29. e6 Nd5 30. Rd1 Re8 31. b5 Rxe6 32. bxc6 bxc6 33. Ra1 c5 34. Rxa7 c4 35. Ra8+ Kf7 36. Rc8 c3 37. Rc5 Re1 38. Kg2 Ke6 39. Bg3 Rc1 40. Ne3 Nb4 41. Rc4 Nd3 42. Rc6+ Kf7 43. Rxh6 c2 44. Rc6 Ne1+ 45. Kf1 Rb1 46. Ke2 c1Q 47. Rxc1 Rxc1 48. Kd2 Rb1 49. Ke2 Rc1 50. Kd2 1/2-1/2

[Event "NATO-ch 21st"]
[Site "Koge"]
[Date "2010.10.22"]
[Round "7"]
[White "Toll, Alec J"]
[Black "Kruit, Erik"]
[Result "0-1"]
[WhiteElo "2095"]
[BlackElo "1887"]
[PlyCount "123"]
[EventDate "2010.10.18"]
[EventType "swiss"]
[EventRounds "7"]
[EventCountry "DEN"]
[SourceTitle "EXT 2011"]
[Source "ChessBase"]
[SourceDate "2010.11.26"]
[SourceVersion "1"]
[SourceVersionDate "2010.11.26"]
[SourceQuality "1"]

1. d4 Nf6 2. Nf3 g6 3. g3 Bg7 4. Bg2 d6 5. c3 0-0 6. 0-0 Nbd7 7. Re1 Ne4 8. Nfd2 Nxd2 9. Nxd2 e5 10. dxe5 dxe5 11. Ne4 Qe7 12. Qb3 Nb6 13. Bg5 Qe6 14. Nc5 Qxb3 15. axb3 c6 16. Red1 Re8 17. Rd2 f6 18. Be3 Kf7 19. Rad1 Bf8 20. Na4 Nxa4 21. bxa4 Be6 22. a5 Rec8 23. b4 f5 24. Rd7+ Bxd7 25. Rxd7+ Ke6 26. Rxb7 e4 27. Bxa7 Kd5 28. e3 c5 29. Bf1 cxb4 30. c4+ Rxc4 31. Bxc4+ Kxc4 32. Kf1 Rc8 33. Ke2 b3 34. a6 Bc5 35. Bxc5 Rxc5 36. Kd2 Ra5 37. a7 Ra2+ 38. Kc1 Kc3 39. Rc7+ Kd3 40. Rb7 Ke2 41. Rxh7 Kxf2 42. Rg7 Kxe3 43. Rxg6 Rxa7 44. Kb2 Ra2+ 45. Kxb3 Rxh2 46. Rf6 Rf2 47. Kc3 Rf3 48. Rg6 Kf2+ 49. Kd4 Rxg3 50. Rf6 Rf3 51. Rf8 e3 52. Rh8 f4 53. Ke4 Kg2 54. Rg8+ Rg3 55. Re8 Rg4 56. Kf5 Kf3 57. Ra8 Rh4 58. Kg5 Rh7 59. Rf8 Rg7+ 60. Kh4 e2 61. Re8 Kf2 62. Re4 0-1

[Event "NATO-ch 21st"]
[Site "Koge"]
[Date "2010.10.21"]
[Round "6"]
[White "Kruit, Erik"]
[Black "Voroblievas, Arturas"]
[Result "1-0"]
[WhiteElo "1887"]
[BlackElo "1890"]
[PlyCount "59"]
[EventDate "2010.10.18"]
[EventType "swiss"]
[EventRounds "7"]
[EventCountry "DEN"]
[SourceTitle "EXT 2011"]
[Source "ChessBase"]
[SourceDate "2010.11.26"]
[SourceVersion "1"]
[SourceVersionDate "2010.11.26"]
[SourceQuality "1"]

1. e4 e5 2. f4 d5 3. exd5 e4 4. Nc3 Nf6 5. d3 Bb4 6. Bd2 e3 7. Bxe3 Nxd5 8. Bd2 Bxc3 9. bxc3 0-0 10. Nf3 Qf6 11. d4 Re8+ 12. Kf2 Nxf4 13. Bc4 Bg4 14. Re1 Nc6 15. Rb1 Rxe1 16. Bxe1 b6 17. Bd2 Na5 18. Bd3 Nxd3+ 19. cxd3 Re8 20. d5 Bxf3 21. Qxf3 Qd6 22. Bf4 Qc5+ 23. d4 Qa3 24. Rf1 Qxa2+ 25. Kg1 Qc4 26. Bh6 Re7 27. Bxg7 Qe2 28. Qf6 Qe3+ 29. Kh1 Rd7 30. Bh6 1-0

[Event "NATO-ch 21st"]
[Site "Koge"]
[Date "2010.10.20"]
[Round "4"]
[White "Kruit, Erik"]
[Black "Kacevicius, Dangiras"]
[Result "1-0"]
[WhiteElo "1887"]
[BlackElo "1730"]
[PlyCount "35"]
[EventDate "2010.10.18"]
[EventType "swiss"]
[EventRounds "7"]
[EventCountry "DEN"]
[SourceTitle "EXT 2011"]
[Source "ChessBase"]
[SourceDate "2010.11.26"]
[SourceVersion "1"]
[SourceVersionDate "2010.11.26"]
[SourceQuality "1"]

1. e4 e5 2. f4 exf4 3. Nf3 Nf6 4. Nc3 Be7 5. Bc4 Ng4 6. 0-0 Bc5+ 7. d4 Be7 8. Bxf4 Nf6 9. e5 Nh5 10. Be3 g6 11. Bh6 f5 12. exf6 Nxf6 13. Bg7 Rg8 14. Bxf6 Rf8 15. Bxe7 Kxe7 16. Qe2+ Kd6 17. Qe5+ Kc6 18. Qc5# 1-0